000 00474nam a2200157Ia 4500
008 230312s9999||||xx |||||||||||||| ||und||
020 _a0 201 57594 9
082 _a005.2
_bFOS-D
100 _aFoster, Ian T.
245 0 _aDesigning and Building parallel programs
260 _bAddeison wesley publishing
_aNew York
_c1994
300 _a379
546 _aEng.
650 _aComputer
_vParallel programs, Software engineering, Designing and building programming
942 _cBK
999 _c3116
_d3116